Programovanie pre 3. ročník gymnázia Jazyk Pascal. /

Salvato in:
Dettagli Bibliografici
Autore principale: Molnár, Ľudovít, 1940- (Autore)
Natura: Libro
Lingua:slovacco
Pubblicazione: Bratislava: Slovenské pedagogické nakladateľstvo, 1990
Edizione:2. vyd.
Tags: Aggiungi Tag
Nessun Tag, puoi essere il primo ad aggiungerne!!

MARC

LEADER 00000nam a22000003a 4500
001 0019296
003 SK-STU
005 20161201164817.9
007 ta
008 161201s ----xo-----e------000-0-----d
020 |a 80-08-00944-6 
040 |a STU  |b slo 
041 0 |a slo 
044 |a xo 
100 1 |a Molnár, Ľudovít,  |d 1940-  |4 aut  |X 2145  |7 2145 
245 1 0 |a Programovanie pre 3. ročník gymnázia Jazyk Pascal. /  |c aut. Ľudovít Molnár 
250 |a 2. vyd. 
260 |a Bratislava:  |b Slovenské pedagogické nakladateľstvo,  |c 1990 
300 |a 146 s. 
996 |b 7735  |c I* 0S7735  |l II680  |s P  |a 0  |w 0019296_0001